000
00371nam a2200145Ia 4500
008
231129s1984||||xx |||||||||||||| ||spa||
020
_a
84-7242-360-3
040
_b
spa
082
_a
618.2 K62e
100
_a
Kitzinger Sheila
245
0
_a
Embarazo y nacimiento
260
_c
1984
264
_a
Interamericana
942
_2
ddc
_c
BKS
999
_c
12799
_d
12799